ENCYCLOPEDIA OF CLASSROOM ENVIRONMENT IN CHILD EDUCATION (Record no. 216106)

MARC details
000 -LEADER
fixed length control field 00469nam a22001577a 4500
008 - FIXED-LENGTH DATA ELEMENTS--GENERAL INFORMATION
fixed length control field 250916b |||||||| |||| 00| 0 eng d
020 ## - INTERNATIONAL STANDARD BOOK NUMBER
International Standard Book Number 979-8-88715-047-5
100 ## - MAIN ENTRY--PERSONAL NAME
Personal name BORIS, ALBERT
245 ## - TITLE STATEMENT
Title ENCYCLOPEDIA OF CLASSROOM ENVIRONMENT IN CHILD EDUCATION
260 ## - PUBLICATION, DISTRIBUTION, ETC.
Place of publication, distribution, etc. DUBLIN
Name of publisher, distributor, etc. ORYSON PRESS
Date of publication, distribution, etc. 2023
300 ## - PHYSICAL DESCRIPTION
Extent XI, 264P.
500 ## - GENERAL NOTE
General note INCUDES INDEX
650 ## - SUBJECT ADDED ENTRY
Topical term or geographic name entry element 1, EARLY CHILDHOOD EDUCATION. 2. CLASSROOM ENVIRNMENT
942 ## - ADDED ENTRY ELEMENTS (KOHA)
Source of classification or shelving scheme Library of Congress Classification
Koha item type Long Loan Book
Holdings
Withdrawn status Lost status Source of classification or shelving scheme Damaged status Not for loan Home library Current library Date acquired Inventory number Total checkouts Full call number Barcode Date last seen Copy number Price effective from Koha item type
    Library of Congress Classification     Kisii University Library Kisii University Library 09/16/2025 109589   LB 1139 .B67 2023 000000024529 09/16/2025 1 09/16/2025 Long Loan Book
    Library of Congress Classification     Kisii University Library Kisii University Library 09/16/2025 109591   LB 1139 .B67 2023 000000024547 09/16/2025 3 09/16/2025 Long Loan Book
    Library of Congress Classification     Kisii University Library Kisii University Library 09/16/2025     LB 1139 .B67 2023 000000024551 09/16/2025 2 09/16/2025 Long Loan Book
    Library of Congress Classification     Kisii University Library Kisii University Library 09/16/2025     LB 1139 .B67 2023 000000024550 09/16/2025 4 09/16/2025 Long Loan Book